| 000 | 01341namaa2200301 i 4500 | ||
|---|---|---|---|
| 003 | EG-GICUC | ||
| 005 | 20260616114905.0 | ||
| 008 | 260616s2022 ua aco|jr|||| 000 0 ara d | ||
| 040 |
_aEG-GiCUC _bara _cEG-GiCUC _dEG-GiCUC _erda |
||
| 082 | 0 | 4 |
_221 _a745.61910962 _bM9922 |
| 092 | 0 | 4 |
_221 _a745.61910962 _bM9922 |
| 099 | _a745.61910962 M9922 | ||
| 100 | 1 | _eمؤلف. | |
| 111 |
_aملتقى القاهرة الدولى لفن الخط العربى _d6-20 يونيو 2022 _nالدورة السابعة |
||
| 245 | 1 | 0 | _aرواد مجددون فى مائة عام 1922-2022 / |
| 264 |
_aالقاهرة (مصر) : _bوزارة الثقافة . صندوق التنمية الثقافية، _c[2022] |
||
| 300 |
_a150 صفحة : _bإيضاحيات، صور، مثيليات ؛ _c24 سم |
||
| 336 |
_2rdacontent _atext |
||
| 337 |
_2rdamedia _aUnmediated |
||
| 338 |
_2rdacarrier _avolume |
||
| 500 | _aعلى الغلاف Cairo international biennial of the arabic calligraphy art | ||
| 500 | _aعلى الغلاف دورة الخطاطين الكبيرين محمد عبد العزيز ابو الخير | ||
| 541 |
_aوزارة الثقافة ؛ _bالقاهرة ؛ _cإهداء ؛ _d2023. |
||
| 650 | 1 | 7 |
_aالخط العربى _2qrmak |
| 651 | 1 |
_2qrmak _aمصر _xالخط العربى |
|
| 905 | _aNermeen | ||
| 942 |
_2ddc _cBK _e21 _n0 |
||
| 999 |
_c180552 _d180552 |
||